[Event "AUT-ch U14 Online Rapid"]
[Site "Playchess.com INT"]
[Date "2020.12.13"]
[Round "2"]
[White "Schaffner, Louie Raulito"]
[Black "Broneder, Kurt1111"]
[Result "0-1"]
[WhiteElo "1522"]
[BlackElo "1530"]
[PlyCount "90"]
[EventDate "2020.12.13"]
[EventType "swiss (rapid)"]
[EventRounds "7"]
[EventCountry "AUT"]
[SourceTitle "EXT 2022"]
[Source "ChessBase"]
[SourceDate "2021.10.06"]
[SourceVersion "1"]
[SourceVersionDate "2021.10.06"]
[SourceQuality "1"]

1. e4 Nf6 2. e5 Nd5 3. d4 d6 4. exd6 cxd6 5. Nf3 Nc6 6. c3 Qc7 7. Bd3 g6 8. 0-0 Bg7 9. Re1 0-0 10. Nbd2 Re8 11. Nf1 Bg4 12. Ng3 Rad8 13. Bc4 Nb6 14. Bb3 e5 15. dxe5 dxe5 16. Qe2 a5 17. h3 Bxf3 18. Qxf3 a4 19. Bc2 f5 20. Qe2 e4 21. Be3 Ra8 22. Bxb6 Qxb6 23. Qc4+ Kh8 24. Bxa4 Ra5 25. Bxc6 Qxc6 26. Qxc6 bxc6 27. Ne2 Rb5 28. b4 e3 29. fxe3 Rxe3 30. Nd4 Rxe1+ 31. Rxe1 Bxd4+ 32. cxd4 Rxb4 33. Rc1 Rxd4 34. Rxc6 Rd1+ 35. Kh2 Rd2 36. a4 Ra2 37. Rc4 Kg7 38. Kg3 Kh6 39. Kf3 Kh5 40. g4+ Kg5 41. gxf5 gxf5 42. h4+ Kh5 43. Kf4 Rf2+ 44. Ke5 Rf1 45. a5 Ra1 0-1

[Event "AUT-chT District U18 Online Rapid"]
[Site "Playchess.com INT"]
[Date "2020.12.12"]
[Round "7"]
[White "Schaffner, Louie Raulito"]
[Black "Maier, Marco"]
[Result "1/2-1/2"]
[WhiteElo "1553"]
[BlackElo "1412"]
[PlyCount "59"]
[EventDate "2020.12.12"]
[EventType "team-swiss (rapid)"]
[EventRounds "9"]
[EventCountry "AUT"]
[SourceTitle "EXT 2022"]
[Source "ChessBase"]
[SourceDate "2021.10.06"]
[SourceVersion "1"]
[SourceVersionDate "2021.10.06"]
[SourceQuality "1"]

1. e4 e5 2. Nf3 Nf6 3. Nxe5 d6 4. Nf3 Nxe4 5. Nc3 d5 6. Qe2 Be6 7. Nxe4 dxe4 8. Qxe4 Nc6 9. Bb5 Qd5 10. Bxc6+ bxc6 11. Qe5 0-0-0 12. 0-0 Bd6 13. Qxd5 Bxd5 14. Nd4 Rhe8 15. d3 Be5 16. Nf3 Bf6 17. Be3 Bxb2 18. Rab1 Bf6 19. Bxa7 Bxa2 20. Rb8+ Kd7 21. Rxd8+ Kxd8 22. Bd4 Bd5 23. Bxf6+ gxf6 24. Re1 Rg8 25. Re3 Kd7 26. Kf1 Kd6 27. g3 Ra8 28. Ke2 Ra2 29. Ne1 Ra1 30. Kd2 1/2-1/2

[Event "AUT-chT District U18 Online Rapid"]
[Site "Playchess.com INT"]
[Date "2020.12.12"]
[Round "3"]
[White "Schaffner, Louie Raulito"]
[Black "Marakovits, Nico"]
[Result "0-1"]
[WhiteElo "1700"]
[BlackElo "1857"]
[PlyCount "104"]
[EventDate "2020.12.12"]
[EventType "team-swiss (rapid)"]
[EventRounds "9"]
[EventCountry "AUT"]
[SourceTitle "EXT 2022"]
[Source "ChessBase"]
[SourceDate "2021.10.06"]
[SourceVersion "1"]
[SourceVersionDate "2021.10.06"]
[SourceQuality "1"]

1. e4 c5 2. d4 cxd4 3. c3 Nf6 4. e5 Nd5 5. cxd4 Nc6 6. Nf3 d6 7. exd6 Qxd6 8. Nc3 Bf5 9. Bd3 Bxd3 10. Qxd3 e6 11. 0-0 Be7 12. Qe4 Nf6 13. Qf4 0-0 14. Rd1 Rad8 15. Be3 Qxf4 16. Bxf4 Nd5 17. Nxd5 Rxd5 18. Rd3 Bf6 19. Rad1 Rfd8 20. Be3 e5 21. Rb3 b6 22. Rc3 Nxd4 23. Bxd4 exd4 24. Rcd3 h5 25. b3 g5 26. Kf1 Kg7 27. Nd2 Be5 28. Nc4 Bf6 29. R1d2 Rc5 30. Rd1 b5 31. Nd2 Rc2 32. a4 bxa4 33. bxa4 Ra2 34. Nb3 Rxa4 35. f3 a5 36. Nc5 Rc4 37. Nb7 Rd5 38. Ra1 a4 39. Rd2 Rc7 40. Nd8 Rxd8 41. Rxa4 d3 42. Ra3 Rc1+ 43. Kf2 Rc2 44. Rxc2 dxc2 45. Ra1 Bxa1 46. Ke2 c1Q 47. f4 Qc2+ 48. Kf3 Rd3+ 49. Ke4 Qe2+ 50. Kf5 Qe6+ 51. Kxg5 Qg6+ 52. Kh4 Qg4# 0-1

[Event "AUT-ch U14 Online Blitz"]
[Site "Playchess.com INT"]
[Date "2020.12.11"]
[Round "7"]
[White "Gschiel, Alexander"]
[Black "Schaffner, Louie Raulito"]
[Result "1-0"]
[WhiteElo "1790"]
[BlackElo "1620"]
[PlyCount "73"]
[EventDate "2020.12.11"]
[EventType "swiss (blitz)"]
[EventRounds "7"]
[EventCountry "AUT"]
[SourceTitle "EXT 2022"]
[Source "ChessBase"]
[SourceDate "2021.10.06"]
[SourceVersion "1"]
[SourceVersionDate "2021.10.06"]
[SourceQuality "1"]

1. d4 d5 2. c4 e6 3. Nf3 Nf6 4. g3 Be7 5. Bg2 0-0 6. 0-0 b6 7. Ne5 Bb7 8. Nc3 Nbd7 9. b3 Bd6 10. f4 c5 11. e3 a6 12. Bb2 Qc7 13. g4 dxc4 14. Bxb7 Qxb7 15. Nxc4 cxd4 16. Nxd6 Qc6 17. Qxd4 Nxg4 18. Nce4 Ndf6 19. Rfc1 Qd5 20. Qxd5 Nxd5 21. Bd4 Ngxe3 22. Rc6 b5 23. Re1 Nf5 24. Nxf5 exf5 25. Nd6 Nxf4 26. Re3 Ne6 27. Be5 Rfd8 28. Rec3 f6 29. Bg3 Nd4 30. Rc7 Ne6 31. Re7 Rf8 32. Rxe6 Rad8 33. Rc7 Rb8 34. Ree7 Rbd8 35. Rxg7+ Kh8 36. Rxh7+ Kg8 37. Rcg7# 1-0

[Event "AUT-ch U14 Online Blitz"]
[Site "Playchess.com INT"]
[Date "2020.12.11"]
[Round "2"]
[White "Schaffner, Louie Raulito"]
[Black "Broneder, Kurt1111"]
[Result "1-0"]
[WhiteElo "1620"]
[BlackElo "1620"]
[PlyCount "81"]
[EventDate "2020.12.11"]
[EventType "swiss (blitz)"]
[EventRounds "7"]
[EventCountry "AUT"]
[SourceTitle "EXT 2022"]
[Source "ChessBase"]
[SourceDate "2021.10.06"]
[SourceVersion "1"]
[SourceVersionDate "2021.10.06"]
[SourceQuality "1"]

1. e4 Nf6 2. e5 Nd5 3. d4 d6 4. exd6 cxd6 5. Nf3 Bg4 6. Be2 Nc6 7. c3 g6 8. h3 Bf5 9. 0-0 Qc7 10. Bd3 Bxd3 11. Qxd3 Bg7 12. Nbd2 0-0 13. Ne4 Rae8 14. Re1 Nb6 15. Bf4 e5 16. dxe5 dxe5 17. Be3 f5 18. Qd6 Qf7 19. Ned2 Nd5 20. Qc5 f4 21. Bxf4 exf4 22. Nc4 Qf6 23. Qa3 b5 24. Ncd2 a5 25. Qb3 Rxe1+ 26. Rxe1 Na7 27. Qc2 a4 28. Nd4 Nb6 29. Re6 Qf5 30. Nxf5 gxf5 31. Nf3 Nc4 32. Qe2 Nc8 33. Re8 N8d6 34. Rxf8+ Kxf8 35. Qe6 Ne4 36. Qc8+ Kf7 37. Qd7+ Kg6 38. Qe8+ Kf6 39. Qd8+ Kg6 40. h4 Kh6 41. Qe8 1-0

[Event "AUT-ch U14 Online Blitz"]
[Site "Playchess.com INT"]
[Date "2020.12.11"]
[Round "4"]
[White "Schaffner, Louie Raulito"]
[Black "Busta, Valentin"]
[Result "1-0"]
[WhiteElo "1620"]
[BlackElo "1620"]
[PlyCount "81"]
[EventDate "2020.12.11"]
[EventType "swiss (blitz)"]
[EventRounds "7"]
[EventCountry "AUT"]
[SourceTitle "EXT 2022"]
[Source "ChessBase"]
[SourceDate "2021.10.06"]
[SourceVersion "1"]
[SourceVersionDate "2021.10.06"]
[SourceQuality "1"]

1. e4 d6 2. Nf3 g6 3. d4 Bg7 4. Bc4 Nf6 5. Nc3 0-0 6. 0-0 Bg4 7. Be2 Bxf3 8. Bxf3 e5 9. Bg5 exd4 10. Qxd4 Nc6 11. Qd2 Re8 12. Rfe1 Ne5 13. Qe2 Qd7 14. Bxf6 Bxf6 15. Nd5 Bg7 16. Rad1 Nxf3+ 17. Qxf3 Bxb2 18. Rb1 Bc3 19. Qxc3 b6 20. Nf6+ Kg7 21. Nxd7+ Kg8 22. Nf6+ Kf8 23. Nxe8 Rxe8 24. Qh8+ Ke7 25. Qxh7 Kd8 26. Qxf7 Re7 27. Qf8+ Kd7 28. e5 dxe5 29. Qxe7+ Kxe7 30. Rxe5+ Kd6 31. Rbe1 c5 32. Re6+ Kd5 33. Rxg6 a5 34. Ree6 b5 35. Rd6+ Ke5 36. Rge6+ Kf5 37. h4 c4 38. Ra6 c3 39. Reb6 a4 40. Rxb5+ Kg4 41. Rxa4# 1-0

[Event "AUT-ch U14 Online Blitz"]
[Site "Playchess.com INT"]
[Date "2020.12.11"]
[Round "6"]
[White "Schaffner, Louie Raulito"]
[Black "Kaspar, Sebastian"]
[Result "1/2-1/2"]
[WhiteElo "1620"]
[BlackElo "1568"]
[PlyCount "106"]
[EventDate "2020.12.11"]
[EventType "swiss (blitz)"]
[EventRounds "7"]
[EventCountry "AUT"]
[SourceTitle "EXT 2022"]
[Source "ChessBase"]
[SourceDate "2021.10.06"]
[SourceVersion "1"]
[SourceVersionDate "2021.10.06"]
[SourceQuality "1"]

1. e4 d6 2. Nf3 Nf6 3. Nc3 g6 4. d4 Bg7 5. Be3 Nbd7 6. Bc4 0-0 7. 0-0 c6 8. Bb3 a5 9. a3 b5 10. Qe2 e6 11. Rfe1 Re8 12. Rad1 Nb6 13. e5 dxe5 14. dxe5 Nfd5 15. Bxb6 Qxb6 16. Nxd5 exd5 17. Qd3 Ba6 18. Qe3 Qxe3 19. Rxe3 Rad8 20. c3 a4 21. Bc2 c5 22. Red3 d4 23. cxd4 b4 24. R3d2 b3 25. Bb1 cxd4 26. Rxd4 Rxd4 27. Rxd4 Bxe5 28. Re4 f6 29. Nd2 Bb7 30. Re2 Kf7 31. Nf3 Bf4 32. Rxe8 Kxe8 33. Kf1 Kd7 34. Ke2 Bxf3+ 35. Kxf3 Be5 36. Bd3 Bxb2 37. Bb5+ Kd6 38. Bxa4 Bxa3 39. Bxb3 Ke5 40. Bc2 Bc5 41. Ke2 f5 42. f3 Bg1 43. h3 Kf4 44. Kf1 Bh2 45. Bd3 g5 46. Ba6 h5 47. Bc8 g4 48. hxg4 fxg4 49. fxg4 hxg4 50. Kf2 Bg3+ 51. Ke2 Bh4 52. Bxg4 Kxg4 53. Kd3 Kg3 1/2-1/2

[Event "AUT-ch U14"]
[Site "St Veit"]
[Date "2019.06.10"]
[Round "5.9"]
[White "Leitner, Thomas"]
[Black "Schaffner, Louie Raulito"]
[Result "1-0"]
[WhiteElo "1515"]
[BlackElo "1633"]
[PlyCount "67"]
[EventDate "2019.06.08"]
[EventType "swiss"]
[EventRounds "7"]
[EventCountry "AUT"]
[SourceTitle "EXT 2024"]
[Source "ChessBase"]
[SourceDate "2023.10.10"]
[SourceVersion "1"]
[SourceVersionDate "2023.10.10"]
[SourceQuality "1"]

1. d4 d5 2. c4 e6 3. Nc3 Bb4 4. e3 Nf6 5. Bd3 0-0 6. Nge2 c6 7. 0-0 Re8 8. b3 Nbd7 9. Bb2 e5 10. cxd5 cxd5 11. dxe5 Nxe5 12. Bb5 Nc6 13. Nf4 Be6 14. Nce2 Ne4 15. Nd4 Qd6 16. Nfxe6 fxe6 17. Qg4 Ne5 18. Qe2 Rf8 19. f4 Nf7 20. Qg4 Nh6 21. Qxe6+ Qxe6 22. Nxe6 Rf7 23. Bd3 Bd2 24. Bd4 Re7 25. Bxe4 dxe4 26. f5 Nxf5 27. Rxf5 Rxe6 28. Rd1 Bb4 29. Rb5 Bf8 30. Rxb7 a5 31. Rc1 g6 32. Rcc7 h5 33. Rh7 Rc8 34. Rh8# 1-0

[Event "AUT-ch U14"]
[Site "St Veit"]
[Date "2019.06.09"]
[Round "3.9"]
[White "Schaffner, Louie Raulito"]
[Black "Weichhart, Daniel"]
[Result "1-0"]
[WhiteElo "1633"]
[BlackElo "1330"]
[PlyCount "24"]
[EventDate "2019.06.08"]
[EventType "swiss"]
[EventRounds "7"]
[EventCountry "AUT"]
[SourceTitle "EXT 2024"]
[Source "ChessBase"]
[SourceDate "2023.10.10"]
[SourceVersion "1"]
[SourceVersionDate "2023.10.10"]
[SourceQuality "1"]

1. e4 e6 2. d4 d5 3. Nd2 Nf6 4. e5 Nfd7 5. Bd3 c5 6. c3 Nc6 7. Ne2 Qb6 8. Nf3 Be7 9. 0-0 0-0 10. Ng3 cxd4 11. cxd4 Nxd4 12. Nxd4 Qxd4 1-0

[Event "AUT-ch U12"]
[Site "St Kanzian"]
[Date "2018.05.22"]
[Round "7.8"]
[White "Schaffner, Louie Raulito"]
[Black "Enache, Dorothea"]
[Result "0-1"]
[WhiteElo "1659"]
[BlackElo "1485"]
[PlyCount "124"]
[EventDate "2018.05.19"]
[EventType "swiss"]
[EventRounds "7"]
[EventCountry "AUT"]
[SourceTitle "EXT 2024"]
[Source "ChessBase"]
[SourceDate "2023.10.10"]
[SourceVersion "1"]
[SourceVersionDate "2023.10.10"]
[SourceQuality "1"]

1. e4 d6 2. d4 Nf6 3. Nc3 Nbd7 4. Bf4 e5 5. dxe5 dxe5 6. Be3 Bb4 7. Nge2 Nxe4 8. Qd3 Nxc3 9. Nxc3 0-0 10. 0-0-0 Be7 11. Be2 c6 12. g4 Nf6 13. f3 Qxd3 14. Bxd3 Be6 15. h4 Bd5 16. Ne4 Bxe4 17. Bxe4 Nxe4 18. fxe4 Rfd8 19. h5 h6 20. Rxd8+ Rxd8 21. Bxa7 Bg5+ 22. Kb1 Rd2 23. c3 Rg2 24. Rd1 Rxg4 25. Rd7 Rxe4 26. Rxb7 Re1+ 27. Kc2 e4 28. Rb8+ Kh7 29. Re8 f5 30. a4 Re2+ 31. Kb3 f4 32. a5 e3 33. Rf8 Re1 34. Bd4 e2 35. Rf7 Rd1 36. Rxg7+ Kh8 37. Rxg5+ Rxd4 38. Re5 f3 39. cxd4 f2 40. a6 f1Q 41. a7 Qf7+ 42. Kc3 Qxa7 43. Rxe2 Qa5+ 44. Kc2 Qxh5 45. Re5 Qh2+ 46. Kc3 Kg7 47. b4 Kf6 48. Rc5 Qg3+ 49. Kc4 Qg2 50. d5 Qe4+ 51. Kc3 cxd5 52. Kb3 h5 53. Ka4 h4 54. Kb5 h3 55. Kc6 d4+ 56. Kd6 h2 57. Rh5 h1R 58. Rc5 Qe7+ 59. Kc6 Qe8+ 60. Kb6 Qb8+ 61. Kc6 Qxb4 62. Kd6 Rc1 0-1

[Event "AUT-ch U12"]
[Site "St Kanzian"]
[Date "2018.05.19"]
[Round "1.8"]
[White "Schaffner, Louie Raulito"]
[Black "Stadlinger, Lukas"]
[Result "1-0"]
[WhiteElo "1659"]
[BlackElo "1490"]
[PlyCount "93"]
[EventDate "2018.05.19"]
[EventType "swiss"]
[EventRounds "7"]
[EventCountry "AUT"]
[SourceTitle "EXT 2024"]
[Source "ChessBase"]
[SourceDate "2023.10.10"]
[SourceVersion "1"]
[SourceVersionDate "2023.10.10"]
[SourceQuality "1"]

1. e4 e5 2. Nf3 d6 3. d4 exd4 4. Nxd4 Nf6 5. Nc3 Be7 6. g3 0-0 7. Bg2 Re8 8. 0-0 Nbd7 9. f4 c6 10. Bd2 Qb6 11. Be3 Qxb2 12. Na4 Qa3 13. c3 b5 14. Nxc6 Qxa4 15. Nxe7+ Rxe7 16. e5 dxe5 17. Qxa4 bxa4 18. Bxa8 e4 19. Bc6 Ba6 20. Rfe1 Nb6 21. Bxb6 axb6 22. Bxa4 Rc7 23. Rab1 Bd3 24. Rxb6 h6 25. Rc6 Rb7 26. Bb3 Rb5 27. c4 Rb7 28. h3 Re7 29. Kf2 Nh5 30. Rd6 Rc7 31. Rb6 g6 32. Rb4 Ng7 33. a4 Nf5 34. g4 Nd4 35. Ke3 Nf3 36. Rd1 Rd7 37. a5 f6 38. a6 g5 39. f5 Ne5 40. Rb8+ Kg7 41. Rb7 Rxb7 42. axb7 Nc6 43. Ra1 Kf7 44. Ra6 Nb8 45. Ra8 Nc6 46. Ba4 Na5 47. Rxa5 1-0

[Event "AUT-ch U10"]
[Site "St Veit"]
[Date "2016.05.27"]
[Round "2.2"]
[White "Schaffner, Louie Raulito"]
[Black "Koglbauer, Til"]
[Result "1-0"]
[WhiteElo "1628"]
[BlackElo "1274"]
[PlyCount "37"]
[EventDate "2016.05.27"]
[EventType "swiss"]
[EventRounds "7"]
[EventCountry "AUT"]
[SourceTitle "EXT 2024"]
[Source "ChessBase"]
[SourceDate "2023.10.10"]
[SourceVersion "1"]
[SourceVersionDate "2023.10.10"]
[SourceQuality "1"]

1. e4 c5 2. d4 cxd4 3. c3 e5 4. Nf3 Nc6 5. cxd4 exd4 6. Nxd4 Bc5 7. Be3 Qb6 8. Nf5 Bxe3 9. Nd6+ Kf8 10. fxe3 Qxe3+ 11. Be2 Nf6 12. Rf1 Ne5 13. Nc3 Ng6 14. Nf5 Qg5 15. Qd6+ Kg8 16. Ne7+ Nxe7 17. Qxe7 h6 18. e5 Nh7 19. Qxf7# 1-0

[Event "AUT-ch U12"]
[Site "St Veit"]
[Date "2016.05.17"]
[Round "7"]
[White "Schaffner, Louie Raulito"]
[Black "Doujak, Gabriel Andreas"]
[Result "1/2-1/2"]
[WhiteElo "1628"]
[BlackElo "1315"]
[PlyCount "76"]
[EventDate "2016.05.14"]
[EventType "swiss"]
[EventRounds "7"]
[EventCountry "AUT"]
[SourceTitle "CBM 172 Extra"]
[Source "ChessBase"]
[SourceDate "2016.06.21"]
[SourceVersion "1"]
[SourceVersionDate "2016.06.21"]
[SourceQuality "1"]

1. e4 c5 2. d4 cxd4 3. c3 dxc3 4. Nxc3 Nc6 5. Nf3 d6 6. Bc4 e6 7. 0-0 Be7 8. Qe2 a6 9. a4 Qc7 10. Rd1 Nf6 11. Bf4 Ne5 12. Bb3 0-0 13. Ba2 Bd7 14. Rac1 Nxf3+ 15. Qxf3 e5 16. Nd5 Qd8 17. Nxe7+ Qxe7 18. Bg5 h6 19. Bxf6 Qxf6 20. Qxf6 gxf6 21. Rxd6 Rac8 22. Rxc8 Rxc8 23. h3 Be6 24. Bxe6 fxe6 25. Rxe6 Kf7 26. Rb6 Rc7 27. f3 Kg6 28. Kh2 Rg7 29. Rb3 Kg5 30. g3 Kg6 31. Rb6 Re7 32. g4 Rc7 33. Kg3 Kg5 34. h4+ Kg6 35. f4 exf4+ 36. Kxf4 Kg7 37. Kf5 Rc5+ 38. Ke6 Re5+ 1/2-1/2

[Event "AUT-ch U12"]
[Site "St Veit"]
[Date "2016.05.15"]
[Round "3"]
[White "Studener, Simon"]
[Black "Schaffner, Louie Raulito"]
[Result "0-1"]
[WhiteElo "1218"]
[BlackElo "1628"]
[PlyCount "86"]
[EventDate "2016.05.14"]
[EventType "swiss"]
[EventRounds "7"]
[EventCountry "AUT"]
[SourceTitle "CBM 172 Extra"]
[Source "ChessBase"]
[SourceDate "2016.06.21"]
[SourceVersion "1"]
[SourceVersionDate "2016.06.21"]
[SourceQuality "1"]

1. e4 e5 2. Nf3 Nc6 3. Nc3 Bc5 4. Bc4 Nf6 5. d3 h6 6. h3 0-0 7. Be3 Bb6 8. Bxb6 axb6 9. 0-0 d6 10. Qd2 Re8 11. Rad1 Na5 12. Rfe1 Nxc4 13. dxc4 Be6 14. b3 Nd7 15. Qe3 Nc5 16. Nxe5 Qf6 17. Nd3 Qxc3 18. Nxc5 Qxe3 19. Rxe3 bxc5 20. a4 Bd7 21. e5 Re6 22. exd6 Rxd6 23. Red3 Rxd3 24. Rxd3 Bc6 25. f3 Re8 26. Kf2 f6 27. Re3 Rxe3 28. Kxe3 Kf7 29. Kf4 Ke6 30. h4 g6 31. g3 Be8 32. g4 g5+ 33. hxg5 hxg5+ 34. Ke3 Ke5 35. c3 Bg6 36. b4 cxb4 37. cxb4 Bc2 38. a5 Bb3 39. c5 Bc4 40. Kd2 c6 41. Ke3 Bb5 42. Kd2 Kf4 43. Ke1 Kxf3 0-1

[Event "AUT-ch U10"]
[Site "Woerth"]
[Date "2015.06.06"]
[Round "5.7"]
[White "Schaffner, Louie Raulito"]
[Black "Sorger, Sebastian"]
[Result "1/2-1/2"]
[WhiteElo "1147"]
[BlackElo "1107"]
[PlyCount "87"]
[EventDate "2015.06.05"]
[EventType "swiss"]
[EventRounds "7"]
[EventCountry "AUT"]
[SourceTitle "EXT 2024"]
[Source "ChessBase"]
[SourceDate "2023.10.10"]
[SourceVersion "1"]
[SourceVersionDate "2023.10.10"]
[SourceQuality "1"]

1. e4 e5 2. Nf3 Nc6 3. d4 exd4 4. Nxd4 Bc5 5. Nb3 Bb6 6. Nc3 Qf6 7. Qe2 d6 8. Nd5 Qd8 9. Nxb6 axb6 10. Bd2 Nf6 11. 0-0-0 Rxa2 12. Kb1 Ra7 13. Bf4 Qe7 14. Qf3 h6 15. Bc4 Be6 16. Bxe6 Qxe6 17. Rhe1 0-0 18. Qg3 Qg4 19. Qxg4 Nxg4 20. f3 Nf6 21. Nd4 Rfa8 22. c3 Ra1+ 23. Kc2 Nxd4+ 24. cxd4 R1a5 25. e5 dxe5 26. Bxe5 Nd5 27. Bg3 c5 28. Re4 cxd4 29. Rdxd4 Rc5+ 30. Kd3 Rd8 31. Kd2 Rdc8 32. f4 Rc2+ 33. Ke1 Nf6 34. Re2 Rxe2+ 35. Kxe2 Nh5 36. Bf2 Rc2+ 37. Ke1 Rxb2 38. Rd8+ Kh7 39. f5 Nf4 40. g3 Nh3 41. Be3 b5 42. f6 Rxh2 43. fxg7 Kxg7 44. Bd4+ 1/2-1/2